| 000 | 01248cab a22002055a 4500 | ||
|---|---|---|---|
| 001 | L150912 | ||
| 008 | 100914e20100910xxk 000 0 eng d | ||
| 035 | _a(Sirsi) u150912 | ||
| 041 | 0 | _aeng | |
| 100 | 1 | _aShah, Aditi | |
| 245 | 0 | 0 |
_aMarkets _bThames Valley |
| 260 | _c2010 | ||
| 490 | 0 |
_aProperty Week _v76(36) 10 September 2010, 59-66(5) |
|
| 520 | _aStandard Life and Shearer Property delay the opening of their 295 000 sqft Parkway retail scheme until autumn 2011. Incentives attract occupiers into Thames Valley's office market after two years of low take-up. Quintiles has secured 120 000 sq ft at Prupim's Green Park in Reading. Reading also gained £30m of income from this year's Reading music festival. Local opposition may derail Nelson Geneva's plans for a 189 unit residential development on the former Sterling industrial estate close to Newbury station. Manufacturer Elliott Turbomachinery's 15 year lease on 60 000 sq ft in Aldermaston is 2010's biggest Thames Valley industrial letting. | ||
| 651 | 4 | _aThames Valley | |
| 690 | _aPROPERTY-COMMERCIAL PROPERTY-COMMERCIAL PROPERTY MARKET | ||
| 690 | _aPROPERTY-COMMERCIAL PROPERTY-COMMERCIAL PROPERTY FINANCE AND INVESTMENT | ||
| 700 | 1 | _aSwindlehurst, James | |
| 942 | _n0 | ||
| 999 |
_c82677 _d82677 |
||